| 000 | 00530nam a22001817a 4500 | ||
|---|---|---|---|
| 003 | CEME | ||
| 005 | 20210628205034.0 | ||
| 008 | 210224b xxu||||| |||| 00| 0 eng d | ||
| 020 | _a0-7273-0318-X | ||
| 040 | _c. | ||
| 082 | _a629.243 BAS'C | ||
| 100 |
_aBastow, Donald _973563 |
||
| 245 | _aCar suspension and handling | ||
| 260 |
_aWARRENDALE _bSAE _c1993 |
||
| 300 | _a362P | ||
| 650 |
_aAUTOMOBILES STEERING GEAR DESIGN AND CONSTRUCTION AUTOMOTIVE SPRINGS AND SUSPENSION DESIGN AND CONSTRUCTION _973564 |
||
| 942 |
_cBK _2ddc |
||
| 999 |
_c579257 _d579257 |
||